<?xml version="1.0" encoding="UTF-8"?>
<collection xmlns="http://www.loc.gov/MARC21/slim">
 <record>
  <leader>01817nam a22002177a 4500</leader>
  <controlfield tag="001">NCT_36280</controlfield>
  <controlfield tag="008">180523b        xxu||||| |||| 00| 0 vie d</controlfield>
  <datafield tag="999" ind1=" " ind2=" ">
   <subfield code="c">1750</subfield>
   <subfield code="d">1750</subfield>
  </datafield>
  <datafield tag="020" ind1=" " ind2=" ">
   <subfield code="c">49000</subfield>
  </datafield>
  <datafield tag="082" ind1="0" ind2="4">
   <subfield code="2">23rd ed.</subfield>
   <subfield code="a">624.171</subfield>
   <subfield code="b">C125</subfield>
  </datafield>
  <datafield tag="100" ind1="1" ind2=" ">
   <subfield code="a">Võ Như Cầu</subfield>
  </datafield>
  <datafield tag="245" ind1="1" ind2="0">
   <subfield code="a">Tính kếu cấu đặc biệt theo phương pháp phần tử hữu hạn</subfield>
   <subfield code="c">Võ Như Cầu</subfield>
  </datafield>
  <datafield tag="260" ind1=" " ind2=" ">
   <subfield code="a">H.</subfield>
   <subfield code="b">Xây Dựng</subfield>
   <subfield code="c">2007</subfield>
  </datafield>
  <datafield tag="300" ind1=" " ind2=" ">
   <subfield code="a">262 tr.</subfield>
   <subfield code="b">Minh họa</subfield>
   <subfield code="c">27cm</subfield>
  </datafield>
  <datafield tag="500" ind1=" " ind2=" ">
   <subfield code="a">Tài liệu tham khảo dùng cho: - Sinh viên đại học                                                - Sinh viên cao học                                                - Nghiên cứu sinh                                                - Kỹ sư</subfield>
  </datafield>
  <datafield tag="520" ind1="3" ind2=" ">
   <subfield code="a">Nội dung trình bày liên quan đến kiến thức nhiều mặt về toán học, cơ học. Do đó, để đọc hiểu sách, bạn đọc cần có những kiến thức cơ bản về lý thuyết đàn hồi, đạo hàm, tích phân, hình giải tích, đại số vectơ và ma trận. Cần nhấn mạnh rằng các ví dụ nêu trong sách có khối lượng tính lớn, không thể tính bằng tay mà phải nhờ vào sự hỗ trợ của những chương trình do tác giả biên soạn</subfield>
  </datafield>
  <datafield tag="653" ind1=" " ind2=" ">
   <subfield code="a">Kỹ thuật công trình xây dựng</subfield>
  </datafield>
  <datafield tag="942" ind1=" " ind2=" ">
   <subfield code="2">ddc</subfield>
   <subfield code="c">BK</subfield>
  </datafield>
  <datafield tag="952" ind1=" " ind2=" ">
   <subfield code="0">0</subfield>
   <subfield code="1">0</subfield>
   <subfield code="2">ddc</subfield>
   <subfield code="4">0</subfield>
   <subfield code="6">624_171000000000000_C125</subfield>
   <subfield code="7">0</subfield>
   <subfield code="9">8623</subfield>
   <subfield code="a">000001</subfield>
   <subfield code="b">000001</subfield>
   <subfield code="d">2018-05-23</subfield>
   <subfield code="o">624.171 C125</subfield>
   <subfield code="p">MD.11118</subfield>
   <subfield code="r">2018-05-23</subfield>
   <subfield code="v">49000.00</subfield>
   <subfield code="w">2018-05-23</subfield>
   <subfield code="y">BK</subfield>
  </datafield>
  <datafield tag="952" ind1=" " ind2=" ">
   <subfield code="0">0</subfield>
   <subfield code="1">0</subfield>
   <subfield code="2">ddc</subfield>
   <subfield code="4">0</subfield>
   <subfield code="6">624_171000000000000_C125</subfield>
   <subfield code="7">0</subfield>
   <subfield code="9">8624</subfield>
   <subfield code="a">000001</subfield>
   <subfield code="b">000001</subfield>
   <subfield code="d">2018-05-23</subfield>
   <subfield code="o">624.171 C125</subfield>
   <subfield code="p">MD.11119</subfield>
   <subfield code="r">2018-05-23</subfield>
   <subfield code="v">49000.00</subfield>
   <subfield code="w">2018-05-23</subfield>
   <subfield code="y">BK</subfield>
  </datafield>
  <datafield tag="980" ind1=" " ind2=" ">
   <subfield code="a">Thư viện Trường Đại học Nam Cần Thơ</subfield>
  </datafield>
 </record>
</collection>
